• 首页
  • 本馆介绍
  • 公告通知
  • 最新文献
  • 馆藏检索
  • 电子资源
  • 读者导购
  • 参考咨询
  • 我的图书馆
  • 登录
  • 详细信息显示
  • 放入我的书架
  • 预约/预借图书
  • 作者相关作品
  • 分类相关作品
  • 丛书相关作品
  • 出版社相关作品

书目信息

  • 表格格式
  • 工作单格式
  • 卡片格式
书名: The politics of nationalism and ethnicity
作者: James G. Kellas
分册号:
分册名:
出版地: New York :
 
出版社: St. Martin's Press
出版时间: 1991.,
页数: xii, 188 p. ;
开本: 22 cm.
丛书名:
中图分类号:
科图分类号:
其他分类号: D06
主题词:
电子资源:
000 01018nam 2200325 a 4500
001 E0757522061
003 OCoLC
005 20070517160344.81
008 uu
008 001 0 eng
008 1991
008 1994
010    @a98021365
020    @a0-312-12299-3.
040    @aDLC @beng@cDLC
049    @aN5LA
050 00 @aJC311 @b.K43 1998
082 00 @a320.5/4 @221
090    @aD06
096    @aD06 @v3
099    @dD06@ex40
100 1  @aKellas, James G.
245 14 @aThe politics of nationalism and ethnicity / @cJames G. Kellas
260    @aNew York :@bSt. Martin's Press,@c1991.,@c1994.
300    @axii, 188 p. ;@c22 cm.
504    @aIncludes bibliographical references (p. 227-234) and index.
650  0 @aNationalism.
650  0 @aEthnicity @xPolitical aspects. @b00 @c20020930 @lNLC09 @h2254 @b00 @c20021020 @lNLC09 @h1452 @lNLC09 @h0027 @lNLC09 @h2023 @b00 @c20030716 @lNLC09 @h0505
700    @aKellas, James G.
852 9  @bWWJC @k2-99 @hD06 @iK29/1998
    
    The politics of nationalism and ethnicity / / James G. Kellas.-New York : : St. Martin's Press, , 1991., , 1994.
    xii, 188 p. ; ; 22 cm.
    Includes bibliographical references (p. 227-234) and index.
    
    ISBN 0-312-12299-3.
    
●
相关链接 在E读中查询图书 在五车中查询图书 在当当中查询图书 在豆瓣中查询图书


正题名:politics of nationalism and ethnicity     索取号:D06/x40         预约/预借

序号 登录号 条形码 馆藏地/架位号 状态 备注
1 9796   300097963   第二样本阅览室/ [索取号:D06/x40] 在馆    
唐山师范学院图书馆 欢迎您!
大连网信软件有限公司© 版权所有